00585nam a2200205 a 4500001001300000003000900013005001700022008004100039020002300080082001500103100001700118245008200135260004300217300000900260500003500269505001000304650002400314700002100338700002000359nice12345678IN_TiNIC20260116014101.0110106s2010 oxfa grp 000 0 eng  a9781851687466c59500a922.4bSAS aSasson, Jean aGrowing Up Bin Ladenb Osama`s Wife and Son Take Us Inside Their Secret World aOxford bOne World Publications c2010 a334p aincludes index and biblioraphy2 aIndex aBiography-Bin Laden1 aNajwa, Bin Laden1 aOman, Bin Laden